00702nam a2200217Ia 4500003000900000008004100009020001800050040001600068080002600084100002100110245011500131260005000246300001000296490003900306650004100345650002400386650001600410650001500426700002100441700002200462IN-BaIIA211028s9999 xx 000 0 eng d a0-88318-374-9 cIIA Library a524.572-656(063)bRAD aCordes, James M. 0aRadio wave scattering in the interstellar mediumcJames M. Cordes  aNew YorkbAmerican Institute of Physicsc1988 a230p. aAIP conference proceedings; v. 174 aAstronomy and astrophysics thesaurus aInterstellar medium aRadio waves aScattering aBacker, Donald C aRickett, Barney J